Statystyki dla Ranking snookera 2020

Kliknij tutaj aby rozwiązać quiz!

Ogólne statystyki

  • Ten quiz został rozwiązany 53 razy
    (40 od ostatniego zresetowania)
  • Średni wynik to 19 z 50

Statystyki odpowiedzi

NrKrajOdpowiedź% Poprawnych
3AustraliaNeil Robertson
93%
2AngliaRonnie O'Sullivan
93%
1AngliaJudd Trump
89%
7SzkocjaJohn Higgins
85%
14WaliaMark Williams
85%
47AngliaJimmy Robertson
81%
4AngliaMark Selby
81%
8Irlandia północnaMark Allen
78%
6AngliaShaun Murphy
70%
9SzkocjaStephen Maguire
70%
10ChinyDing Junhui
67%
11AngliaStuart Bingham
63%
19AngliaAli Carter
52%
17AngliaGary Wilson
52%
16AngliaJack Lisowski
52%
5AngliaKyren Wilson
52%
13ChinyYan Bingtao
52%
32BelgiaLuca Brecel
48%
22SzkocjaGreame Dott
44%
15TajlandiaTchephaiya Un Nooh
44%
27NorwegiaKurt Maflin
41%
12AngliaDavid Gilbert
33%
37IranHossein Vafaei
33%
30ChinyLiang Wenbo
33%
23AngliaTom Ford
33%
21AngliaBarry Hawkins
30%
18AngliaJoe Perry
30%
46AngliaRicky Walden
30%
20SzkocjaAnthony McGill
26%
29ChinyZhao Xintong
26%
24ChinyZhou Yuelong
26%
31WaliaMatthew Stevens
22%
42TajlandiaNoppon Saengkham
19%
33ChinyXiao Guodong
19%
48AngliaAnthony Hamilton
15%
44AngliaMark Davis
15%
25SzkocjaScott Donaldson
15%
36ChinyLi Hang
11%
39ChinyLu Ning
11%
34AngliaMartin Gould
11%
26AngliaMatthew Selt
11%
41SzkocjaAlan McManus
7%
50AngliaJoe O'Connor
7%
45ChinyLyu Haotian
7%
43AngliaMark King
7%
40WaliaRyan Day
7%
49ChinyTian Pengfei
7%
28AngliaMichael Holt
4%
35AngliaBen Woollaston
0%
38AngliaMartin O'Donell
0%

Rozkład punktacji

Percentyl według liczby udzielonych odpowiedzi

Procent ludzi z każdym wynikiem

Twoja historia wyników

Nie rozwiązałeś tego quizu od ostatniego zresetowania